000 02682nkm0a2200505 4500
001 RU\NLR\BIBL_A\022656105
005 20251212101626.0
035 _a(NLR Aleph) 022656105
071 5 0 _a5292
_d60 коп.
_925000
090 _a88986
_c88986
100 _a20251028d1941 u y0rusy50 ca
101 0 _arus
102 _aRU
116 _aiiycxx bf ad
135 _acrcn 024anaba
181 0 _ab4
_bxb2e
182 0 _an
200 1 _aБыть донором - великая честь для патриота!
_e[плакат]
_fхудожник А. Кейль
_gредактор И. Лившиц
203 _aИзображение
_bнеподвижное
_bдвухмерное
_bвизуальное
_cнепосредственное
210 _aМосква
_aЛенинград
_cИскусство
_d1941
_eМосква
_gЛитография изд-ва "Искусство"
215 _a1 л.
_cхромолитогр.
_d60х43
300 _aНа изобр. слева внизу факс. подписи художника: "А. Кейль"
300 _aВ вып. дан.: А40524. от 10/VII 1941 г.; Заказ № 61
301 _aИзд. номер: 5292
325 _aКопия доступна в Электрон. б-ке РНБ
606 1 _aПлакат русский советский
_z1941 - 1945
_2nlr_sh2
_3RU\NLR\AUTH\661423877
606 1 _aЖенщины
_z1941 - 1945
_xУчастие в Великой Отечественной войне
_jПлакаты
_2nlr_sh2
_3RU\NLR\AUTH\661266349
606 1 _aДоноры
_yСССР
_z1941
_jПлакаты
_2nlr_sh1
_3RU\NLR\AUTH\66381480
686 _aЩ153(2Р=Рус)7-466
700 1 _aЭк
_bШ.
_f1902-1975
_gШандор
_3RU\NLR\AUTH\770287813
_4040
712 0 2 _a"Искусство", издательство
_cМосква
_3RU\NLR\AUTH\8810147805
_4650
712 0 2 _a"Искусство", издательство
_cМосква
_bЛитография
_3RU\NLR\AUTH\880602925
_4610
852 0 0 _aNLR
_bЭ
_jПлИр995/5-244
_mЭ035484
856 0 _uhttps://vivaldi.nlr.ru/la000070917/view
856 1 _uhttps://vivaldi.nlr.ru/la000070917/cover
856 2 _uhttps://vivaldi.nlr.ru/la000070917/text
901 _eИзографические материалы
942 _cVISUAL
945 _aРоссийская национальная библиотека
980 _aBV
980 _aNB
981 1 7 _a(17) Изографические материалы
_b(17) Плакаты